Ochrana predmetov duševného vlastníctva

Bibliographic Details
Main Author: Vyparina, Stanislav, 1928- (Author)
Format: Article
Language:Slovak
PhysicalDescription:Fotogr.
Subjects:

MARC

LEADER 00000nab a2200000 a 4500
001 vtls000680360
003 SK-MaSNL
005 20260302191416.0
008 180205c1998 xo 0 slo
015 |a SNBRB1998/12-31281 
035 |a CLN000032528 
040 |a SNKBUCL  |b slo  |c SNKBUCL  |e AACR2 
041 0 |a slo 
044 |a xo  |c SK 
080 |a 347.77  |2 UDC-MRF-SK2 
100 1 |a Vyparina, Stanislav,  |d 1928-  |4 aut  |9 124276 
245 1 0 |a Ochrana predmetov duševného vlastníctva  |c Stanislav Vyparina 
300 |b Fotogr. 
650 0 7 |a vlastníctvo duševné  |x ochrana právna  |2 snkbucl  |9 903943 
655 7 |a články z novín a časopisov  |2 snkbucl  |9 267496 
773 0 |t Verejná správa  |g Č. 26 (1998), s. 12 
850 |a Slovenská národná knižnica v Martine 
852 |a SNK  |b KIS3GCP 
958 |a RBX 
999 |c 1437113  |d 1439043